| 000 | 00986nam a2200265 a 4500 | ||
|---|---|---|---|
| 001 | 000023088 | ||
| 005 | 20200930021959.0 | ||
| 008 | 101126s1946 ag r 000 0 spa d | ||
| 040 |
_aDO-SdBNP _bspa _cBNPHU |
||
| 082 |
_a884 _bE77s |
||
| 100 | 1 |
_aEsquilo, Sófocles, _d525 a. C. - 456 a. C. _947528 |
|
| 245 | 1 | 4 |
_aLas siete tragedias de Esquilo / _cSófocles Esquilo ; Traducidas del griego al castellano por José Alemany Bolufer. |
| 260 |
_aBuenos Aires : _bEl Ateneo, _c1946. |
||
| 300 |
_a783 p. ; _c20 cm. |
||
| 490 | 1 | _aTrágicos Griegos | |
| 650 | 4 |
_aEsquilo, 525-546 a. de j.c. _947529 |
|
| 650 | 4 |
_aSófocles, 496?-406? a. de j. c. _947530 |
|
| 650 | 4 |
_aPoesía tragica griega. _947531 |
|
| 650 | 4 |
_aTragedia griega. _947532 |
|
| 650 | 4 |
_aPoesía griega _xSiglo v a. c. _xColecciones _947533 |
|
| 650 | 4 |
_aTragedia griega _xSiglo v a de j. c. _xColecciones . _947534 |
|
| 700 | 1 |
_aAlemany Bolufer, José, _etr. _947535 |
|
| 830 | 0 |
_aTrágicos Griegos _947536 |
|
| 049 | _aBNGR | ||
| 999 |
_c22585 _d22585 |
||